000 00426nam a2200133Ia 4500
008 240729s9999 xx 000 0 und d
245 0 _aJournal of Library Outreach & Engagement
260 _aUnited States
260 _bIllinois Open Publishing Network
650 _aBibliography. Library science. Information resources
856 _uhttps://doaj.org/toc/2c096b4abde94c1e89ccbfed347b8803
942 _2ddc
942 _cDOAJEJ
999 _c74712
_d74712
945 _a1
_bMadushi Gamage
_c1
_dMadushi Gamage